Farhang-i jughrāfiyāʼī-i Irān. (Record no. 48365)

MARC details
000 -LEADER
fixed length control field 00898cam a22002531 4500
001 - CONTROL NUMBER
control field ne 65001969
003 - CONTROL NUMBER IDENTIFIER
control field DLC
005 - DATE AND TIME OF LATEST TRANSACTION
control field 20260227111816.0
008 - FIXED-LENGTH DATA ELEMENTS--GENERAL INFORMATION
fixed length control field 900702m19491954ir ab f000 0 perr
010 ## - LIBRARY OF CONGRESS CONTROL NUMBER
LC control number ne 65001969
035 ## - SYSTEM CONTROL NUMBER
System control number (OCoLC)21953397
040 ## - CATALOGING SOURCE
Original cataloging agency DLC
Transcribing agency WaU
Modifying agency OCoLC
-- DLC
042 ## - AUTHENTICATION CODE
Authentication code premarc
043 ## - GEOGRAPHIC AREA CODE
Geographic area code a-ir---
050 00 - LIBRARY OF CONGRESS CALL NUMBER
Classification number DS253
Item number .A5
110 1# - MAIN ENTRY--CORPORATE NAME
Corporate name or jurisdiction name as entry element Iran.
Subordinate unit Sitād-i Artish.
-- Dāyirah-i Jughrāfiyā'ī.
245 10 - TITLE STATEMENT
Title Farhang-i jughrāfiyāʼī-i Irān.
260 ## - PUBLICATION, DISTRIBUTION, ETC.
Place of publication, distribution, etc. [Tihrān],
Name of publisher, distributor, etc. Dayirah-i Jughrafiyāʼī-i Sitad-i Artish,
Date of publication, distribution, etc. 1328-1332 [1949-54]
300 ## - PHYSICAL DESCRIPTION
Extent v.
Other physical details illus., maps (part fold. col.)
500 ## - GENERAL NOTE
General note Vols. 1-9 compiled under the general editorship of Hossein ʻAlī Razmārā.
505 1# - FORMATTED CONTENTS NOTE
Formatted contents note v. 1. Astān Markazī.- v. 2. Astān Yakum.- v. 3. Astān Duvum.- v. 4. Astān 3-4: Āzarbāyijān.-
651 #0 - SUBJECT ADDED ENTRY--GEOGRAPHIC NAME
Geographic name Iran
General subdivision Gazetteers.
700 1# - ADDED ENTRY--PERSONAL NAME
Personal name Razmara, Hossein Ali.

No items available.

Powered by Koha